| 000 | 00507nam a2200181Ia 4500 | ||
|---|---|---|---|
| 005 | 20250603144934.0 | ||
| 008 | 250603s9999 xx 000 0 und d | ||
| 020 | _a9781032392851 | ||
| 050 | _aR 859.7 .A78/ | ||
| 100 | _aEdited by Utku Kose, Nilgun Sengoz, Xi Chen and Jose Antonio Marmolejo Saucedo. | ||
| 245 | 0 | _aExplainable artificial intelligence (XAI) in healthcare | |
| 260 | _aBoca Raton | ||
| 260 | _bCRC Press | ||
| 260 | _c2023 | ||
| 300 | _a349 p | ||
| 650 | _aBoca Raton | ||
| 942 | _cBK | ||
| 999 |
_c40395 _d40395 |
||